<?xml version="1.0" encoding="UTF-8"?>
<collection xmlns="http://www.loc.gov/MARC21/slim">
 <record>
  <leader>01804aam a22002658a 4500</leader>
  <controlfield tag="001">NCT_6380</controlfield>
  <controlfield tag="008">080424s2008                  ||||||viesd</controlfield>
  <datafield tag="999" ind1=" " ind2=" ">
   <subfield code="c">326</subfield>
   <subfield code="d">326</subfield>
  </datafield>
  <datafield tag="020" ind1=" " ind2=" ">
   <subfield code="c">130000</subfield>
  </datafield>
  <datafield tag="082" ind1="0" ind2="4">
   <subfield code="2">23rd ed.</subfield>
   <subfield code="a">621.8</subfield>
   <subfield code="b">Đ302</subfield>
  </datafield>
  <datafield tag="100" ind1="1" ind2=" ">
   <subfield code="a">Trần Văn Địch</subfield>
   <subfield code="e">Chủ biên</subfield>
  </datafield>
  <datafield tag="245" ind1="1" ind2="0">
   <subfield code="a">Sổ tay kỹ sư công nghệ chế tạo máy :</subfield>
   <subfield code="b">Dùng cho sinh viên các trường kỹ thuật thuộc các hệ đào tạo</subfield>
   <subfield code="c">Trần Văn Địch (chủ biên), Lưu Văn Nhang, Nguyễn Thanh Mai</subfield>
  </datafield>
  <datafield tag="250" ind1=" " ind2=" ">
   <subfield code="a">In lần thứ 1</subfield>
  </datafield>
  <datafield tag="260" ind1=" " ind2=" ">
   <subfield code="a">H.</subfield>
   <subfield code="b">Khoa học và Kỹ thuật</subfield>
   <subfield code="c">2008</subfield>
  </datafield>
  <datafield tag="300" ind1=" " ind2=" ">
   <subfield code="a">521tr.</subfield>
   <subfield code="b">hình vẽ, bảng</subfield>
   <subfield code="c">27cm</subfield>
  </datafield>
  <datafield tag="520" ind1="3" ind2=" ">
   <subfield code="a">Nội dung tài liệu đề cập tới những vấn đề cần thiết cho việc thiết kế qui trình công nghệ gia công như: xác định lượng dư gia công, xác định chế độ cắt, xác định thời gian cơ bản của nguyên công, chọn dụng cụ cắt, chọn máy gia công và phương pháp kiểm tra chi tiết</subfield>
  </datafield>
  <datafield tag="653" ind1=" " ind2=" ">
   <subfield code="a">Sổ tay chế tạo máy</subfield>
  </datafield>
  <datafield tag="655" ind1=" " ind2="7">
   <subfield code="a">Công nghệ Kỹ thuật ô tô</subfield>
  </datafield>
  <datafield tag="700" ind1="1" ind2=" ">
   <subfield code="a">Lưu Văn Nhang</subfield>
  </datafield>
  <datafield tag="700" ind1="1" ind2=" ">
   <subfield code="a">Nguyễn Thanh Mai</subfield>
  </datafield>
  <datafield tag="942" ind1=" " ind2=" ">
   <subfield code="2">ddc</subfield>
   <subfield code="c">BK</subfield>
  </datafield>
  <datafield tag="952" ind1=" " ind2=" ">
   <subfield code="0">0</subfield>
   <subfield code="1">0</subfield>
   <subfield code="2">ddc</subfield>
   <subfield code="4">0</subfield>
   <subfield code="6">621_800000000000000_Đ302</subfield>
   <subfield code="7">0</subfield>
   <subfield code="9">2026</subfield>
   <subfield code="a">000001</subfield>
   <subfield code="b">000001</subfield>
   <subfield code="d">2017-10-24</subfield>
   <subfield code="o">621.8 Đ302</subfield>
   <subfield code="p">MD.01741</subfield>
   <subfield code="r">2017-10-24</subfield>
   <subfield code="v">130000.00</subfield>
   <subfield code="w">2017-10-24</subfield>
   <subfield code="y">BK</subfield>
  </datafield>
  <datafield tag="952" ind1=" " ind2=" ">
   <subfield code="0">0</subfield>
   <subfield code="1">0</subfield>
   <subfield code="2">ddc</subfield>
   <subfield code="4">0</subfield>
   <subfield code="6">621_800000000000000_Đ302</subfield>
   <subfield code="7">0</subfield>
   <subfield code="9">2027</subfield>
   <subfield code="a">000001</subfield>
   <subfield code="b">000001</subfield>
   <subfield code="d">2017-10-24</subfield>
   <subfield code="o">621.8 Đ302</subfield>
   <subfield code="p">MD.01742</subfield>
   <subfield code="r">2017-10-24</subfield>
   <subfield code="v">130000.00</subfield>
   <subfield code="w">2017-10-24</subfield>
   <subfield code="y">BK</subfield>
  </datafield>
  <datafield tag="952" ind1=" " ind2=" ">
   <subfield code="0">0</subfield>
   <subfield code="1">0</subfield>
   <subfield code="2">ddc</subfield>
   <subfield code="4">0</subfield>
   <subfield code="6">621_800000000000000_Đ302</subfield>
   <subfield code="7">0</subfield>
   <subfield code="9">2028</subfield>
   <subfield code="a">000001</subfield>
   <subfield code="b">000001</subfield>
   <subfield code="d">2017-10-24</subfield>
   <subfield code="o">621.8 Đ302</subfield>
   <subfield code="p">MD.01743</subfield>
   <subfield code="r">2017-10-24</subfield>
   <subfield code="v">130000.00</subfield>
   <subfield code="w">2017-10-24</subfield>
   <subfield code="y">BK</subfield>
  </datafield>
  <datafield tag="980" ind1=" " ind2=" ">
   <subfield code="a">Thư viện Trường Đại học Nam Cần Thơ</subfield>
  </datafield>
 </record>
</collection>
